Adolf Hitler-visa - Statistics

Yleistilastot
  • Tätä visaa on pelattu 85 kertaa
  • Keskiarvotulos 9 / 16
Vastaustilastot
vihje Vastaus % Oikein
kuolinvuosi 1945
96%
kuolintapa itsemurha
96%
sota, jonka Hitler aloitti toinen maailmansota
83%
juutalaisten kansanmurha, jonka Hitler määräsi holokausti
81%
Hitlerin kirjoittama kirja Taisteluni / Mein Kampf
70%
syntymävuosi 1889
69%
titteli Führer
67%
sota, jossa Hitler taisteli ensimmäinen maailmansota
65%
Hitlerin vaimo Eva Braun
65%
synnyinmaa Itävalta-Unkari
65%
Hitlerin ideologia kansallissosialismi
52%
Hitlerin mukaan nimetty nuorisojärjestö Hitler-Jugend
41%
puolue NSDAP
26%
termi, jolla Hitler kutsui tuota kansanmurhaa lopullinen ratkaisu
15%
laki, jolla Hitler nousi diktaattoriksi valtalaki
6%
taidekoulu, johon Hitler ei päässyt Wienin kuvataideakatemia
4%
Ehtoja vastaavia visoja ei löytynyt
Tulosjakauma
Jokaisen tuloksen saaneiden osuus
Persentiili vastausten määrän mukaan
Tuloshistoriasi
Et ole pelannut tätä visaa